| 000 | 00000nam##2200000za#4500 |
| 001 | 9.587691 |
| 003 | CaOODSP |
| 005 | 20210624194745 |
| 007 | cr ||||||||||| |
| 008 | 150406|2007||||xxc|||||o f|0| 0 eng|d |
| 022 | |a1701-1280 |
| 040 | |aCaOODSP|beng |
| 041 | |aeng |
| 041 | |afre |
| 043 | |an-cn--- |
| 086 | 1 |aFs70-4/2007-025-PDF |
| 110 | 1 |aCanada. |bDepartment of Fisheries and Oceans. |
| 245 | 10|aNational federal-provincial-territorial coastal management areas workshop : |h[electronic resource]|bMay 16-17, 2007, Crowne Plaza Hotel, Moncton, N.B. / |c[by] Michael Chadwick and Russell Henry. |
| 260 | |aOttawa - Ontario : |bFisheries and Oceans Canada |cAugust 2007. |
| 300 | |a113p.|bcoloured figs., tables |
| 490 | 1 |aCanadian Science Advisory Secretariat proceedings series|x1701-1280|v2007/025 |
| 590 | |a11-32-Supp|b2011-12-20 |
| 720 | 1 |aChadwick, Michael |
| 720 | 1 |aHenry, Russell |
| 792 | |tAtelier fédéral-provincial-territorial sur les zones de gestion côtière : |efre|w(CaOODSP)9.587692 |
| 830 | #0|aProceedings series (Canadian Science Advisory Secretariat)|x1701-1280|v2007/025|w(CaOODSP)9.500507 |
| 856 | 40|ahttp://publications.gc.ca|qPDF|s755 KB|uhttps://publications.gc.ca/collections/collection_2011/mpo-dfo/Fs70-4-2007-025.pdf|y2007/025 |